<?xml version="1.0" encoding="UTF-8"?>
<collection xmlns="http://www.loc.gov/MARC21/slim">
 <record>
  <leader>01490nam a2200217Ia 4500</leader>
  <controlfield tag="001">TDMU_17143</controlfield>
  <controlfield tag="008">210410s9999    xx            000 0 und d</controlfield>
  <datafield tag="082" ind1=" " ind2=" ">
   <subfield code="a">335.4</subfield>
  </datafield>
  <datafield tag="090" ind1=" " ind2=" ">
   <subfield code="b">M101</subfield>
  </datafield>
  <datafield tag="100" ind1=" " ind2=" ">
   <subfield code="a">Mác. C (Marx, Karl)</subfield>
  </datafield>
  <datafield tag="245" ind1=" " ind2="0">
   <subfield code="a">C. Mác và Ph. Ăng - ghen toàn tập</subfield>
  </datafield>
  <datafield tag="245" ind1=" " ind2="0">
   <subfield code="c">C. Mác</subfield>
  </datafield>
  <datafield tag="245" ind1=" " ind2="0">
   <subfield code="n">T. 49</subfield>
  </datafield>
  <datafield tag="260" ind1=" " ind2=" ">
   <subfield code="a">H.</subfield>
  </datafield>
  <datafield tag="260" ind1=" " ind2=" ">
   <subfield code="b">Chính trị Quốc gia</subfield>
  </datafield>
  <datafield tag="260" ind1=" " ind2=" ">
   <subfield code="c">2004</subfield>
  </datafield>
  <datafield tag="300" ind1=" " ind2=" ">
   <subfield code="a">965tr.</subfield>
  </datafield>
  <datafield tag="520" ind1=" " ind2=" ">
   <subfield code="a">Phản ánh những giai đoạn khác nhau trong sự sáng tạo và hoàn thiện bộ tác phẩm thiên tài &quot;Tư bản&quot; của Mác; quá trình phát triển của các hình thái giá trị trong tác phẩm &quot;Hình thái của giá trị&quot; được phản ánh một cách cặn kẽ, rõ ràng và dễ hiểu hơn; trình bày một cách có hệ thống về lý luận, lưu thông của tư bản trong Quyển II &quot;Quá trình lưu thông của tư bản&quot;; một số chú thích, các bản chỉ dẫn do Viện nghiên cứu chủ nghĩa Mác - Lênin Liên Xô (trước đây) biên soạn.</subfield>
  </datafield>
  <datafield tag="650" ind1=" " ind2=" ">
   <subfield code="a">Karl Marx</subfield>
   <subfield code="d">(5/5/1818  â€“ 14/3/1883); Friedrich Engels</subfield>
   <subfield code="d">(28/11/1820  â€“ 5/8/1895); Tư tưởng triết học</subfield>
   <subfield code="x">C. Mác và Ph. Ăng - ghen; Chủ nghĩa Mác</subfield>
  </datafield>
  <datafield tag="856" ind1=" " ind2=" ">
   <subfield code="u">http://lrc.tdmu.edu.vn/opac/search/detail.asp?aID=2&amp;ID=17143</subfield>
  </datafield>
  <datafield tag="980" ind1=" " ind2=" ">
   <subfield code="a">Trung tâm Học liệu Trường Đại học Thủ Dầu Một</subfield>
  </datafield>
 </record>
</collection>
